Statistics for Countries Between 200,000 and 500,000 km

Click here to take the quiz!

General Stats

  • This quiz has been taken 13 times
  • The average score is 18 of 33

Answer Stats

HintAnswer% Correct
438,317Iraq
86%
261,780United Kingdom
86%
207,600Belarus
71%
322,463Cote d'ivoire
71%
338,435Finland
71%
357,022Germany
71%
301,340Italy
71%
377,915Japan
71%
385,203Norway
71%
309,500Oman
71%
406,752Paraguay
71%
450,295Sweden
71%
331,210Vietnam
71%
267,667Gabon
57%
238,533Ghana
57%
330,800Malaysia
57%
268,527New Zealand
57%
300,000Philippines
57%
312,679Poland
57%
238,391Romania
57%
475,442Cameroon
43%
283,561Ecuador
43%
245,857Guinea
43%
236,800Laos
43%
462,840Papua New Guinea
43%
488,100Turkmenistan
43%
447,400Uzbekistan
43%
390,757Zimbabwe
43%
274,220Burkina Faso
29%
342,000Congo
29%
446,550Morocco
29%
241,550Uganda
29%
214,970Guyana
14%

Score Distribution

Percentile by Number Answered

Percent of People with Each Score

Your Score History

You have not taken this quiz